[Event "Titled Tuesday intern op 03rd Jan Late"]
[Site "Chess.com INT"]
[Date "2023.01.03"]
[Round "2"]
[White "Zilleruelo Irizarry, Diego"]
[Black "Jaferian, Koosha"]
[Result "0-1"]
[WhiteElo "2097"]
[BlackElo "2220"]
[PlyCount "74"]
[EventDate "2023.01.03"]
[EventType "swiss (blitz)"]
[EventRounds "11"]
[EventCountry "USA"]
[SourceTitle "EXT 2024"]
[Source "ChessBase"]
[SourceDate "2023.10.10"]
[SourceVersion "1"]
[SourceVersionDate "2023.10.10"]
[SourceQuality "1"]

1. e4 e6 2. d4 d5 3. Nd2 c5 4. Ngf3 Nf6 5. Bb5+ Nc6 6. 0-0 dxe4 7. Ne5 Qc7 8. dxc5 Qxe5 9. Nc4 Qxc5 10. a4 Be7 11. Be3 Qd5 12. Qxd5 exd5 13. Ne5 Bd7 14. Nxd7 Nxd7 15. Rad1 Nf6 16. Bd4 0-0 17. Bxf6 Bxf6 18. Rxd5 Bxb2 19. Rd7 a6 20. Bxc6 bxc6 21. Rb1 Rab8 22. Kf1 Bc3 23. Rb3 Rxb3 24. cxb3 Rb8 25. Rc7 h5 26. Rxc6 Rxb3 27. g3 a5 28. Ke2 Ra3 29. Rc4 Bb4 30. Rxe4 Rxa4 31. f4 Ra2+ 32. Kf3 Rxh2 33. Re8+ Kh7 34. Ra8 Ra2 35. g4 Ra3+ 36. Ke4 hxg4 37. Kf5 g3 0-1

[Event "Titled Tuesday intern op 01st Nov Late"]
[Site "Chess.com INT"]
[Date "2022.11.01"]
[Round "4"]
[White "Dahlgren, James Allen"]
[Black "Zilleruelo Irizarry, Diego"]
[Result "0-1"]
[WhiteElo "1860"]
[BlackElo "2081"]
[PlyCount "44"]
[EventDate "2022.11.01"]
[EventType "swiss (blitz)"]
[EventRounds "11"]
[EventCountry "USA"]
[SourceTitle "EXT 2024"]
[Source "ChessBase"]
[SourceDate "2023.10.10"]
[SourceVersion "1"]
[SourceVersionDate "2023.10.10"]
[SourceQuality "1"]

1. e4 c6 2. Nc3 d5 3. f3 e5 4. d4 dxe4 5. dxe5 Qxd1+ 6. Kxd1 exf3 7. Nxf3 Bg4 8. Bf4 Nd7 9. Bd3 Ne7 10. Ke2 Ng6 11. Bg3 Ngxe5 12. Rhe1 0-0-0 13. Bxe5 Nxe5 14. Kf2 Nxd3+ 15. cxd3 Bxf3 16. gxf3 Rxd3 17. Re8+ Kd7 18. Re4 Bc5+ 19. Ke2 Rd6 20. Rc4 Re8+ 21. Ne4 Rd5 22. Rd1 Bb6 0-1

[Event "Titled Tuesday intern op 01st Nov Late"]
[Site "Chess.com INT"]
[Date "2022.11.01"]
[Round "2"]
[White "Janaszak, Dawid"]
[Black "Zilleruelo Irizarry, Diego"]
[Result "1-0"]
[WhiteElo "2322"]
[BlackElo "2081"]
[PlyCount "87"]
[EventDate "2022.11.01"]
[EventType "swiss (blitz)"]
[EventRounds "11"]
[EventCountry "USA"]
[SourceTitle "EXT 2024"]
[Source "ChessBase"]
[SourceDate "2023.10.10"]
[SourceVersion "1"]
[SourceVersionDate "2023.10.10"]
[SourceQuality "1"]

1. e4 c6 2. d4 d5 3. exd5 cxd5 4. Bd3 Nf6 5. c3 g6 6. Nf3 Bf5 7. Ne5 Bxd3 8. Nxd3 Bg7 9. 0-0 0-0 10. Re1 Nc6 11. Qb3 Na5 12. Qa4 e6 13. Bf4 a6 14. Nd2 b5 15. Qc2 Nc4 16. h3 Rc8 17. Nc5 Qb6 18. b3 Nxd2 19. Qxd2 Rxc5 20. dxc5 Qxc5 21. Be3 Qc6 22. f3 e5 23. Rad1 Rd8 24. Bg5 Qe6 25. Qe3 Re8 26. Re2 Nd7 27. Bh6 f5 28. Bxg7 Kxg7 29. Qa7 Re7 30. Qa8 Nf6 31. Qb8 e4 32. fxe4 dxe4 33. Qd8 f4 34. c4 bxc4 35. bxc4 f3 36. gxf3 Rf7 37. fxe4 Qxc4 38. Qd3 Qc5+ 39. Qd4 Qg5+ 40. Rg2 Qh5 41. Rf1 Qxh3 42. e5 Nd7 43. e6+ Kh6 44. exf7 1-0